[Event "Arab Clubs-chT 11th"]
[Site "Tunis"]
[Date "2009.12.14"]
[Round "3"]
[White "Mahdia, Farage"]
[Black "Yahya, Mohamed Saleh"]
[Result "1/2-1/2"]
[WhiteElo "2123"]
[BlackElo "2146"]
[PlyCount "28"]
[EventDate "2009.12.12"]
[EventType "team-swiss"]
[EventRounds "9"]
[EventCountry "TUN"]
[SourceTitle "EXT 2020"]
[Source "ChessBase"]
[SourceDate "2019.10.17"]
[SourceVersion "1"]
[SourceVersionDate "2019.10.17"]
[SourceQuality "1"]
[WhiteTeam "Al Dhahra Tripoli"]
[BlackTeam "Dubai"]
[WhiteTeamCountry "LBY"]
[BlackTeamCountry "UAE"]

1. e4 e5 2. Nf3 Nc6 3. Bb5 a6 4. Ba4 Nf6 5. 0-0 Nxe4 6. Bxc6 dxc6 7. Re1 Nd6 8. Rxe5+ Be7 9. Qe2 f6 10. Re3 Nf5 11. Re4 Nd6 12. Re3 Nf5 13. Re4 Nd6 14. Re3 Nf5 1/2-1/2

[Event "Biel MTO op 41st"]
[Site "Biel"]
[Date "2008.07.21"]
[Round "1"]
[White "Yahya, Mohamed Saleh"]
[Black "Ulybin, Mikhail"]
[Result "0-1"]
[WhiteElo "2136"]
[BlackElo "2520"]
[PlyCount "70"]
[EventDate "2008.07.21"]
[EventType "swiss"]
[EventRounds "11"]
[EventCountry "SUI"]
[SourceTitle "CBM 125 Extra"]
[Source "ChessBase"]
[SourceDate "2008.09.01"]
[SourceVersion "1"]
[SourceVersionDate "2008.09.01"]
[SourceQuality "1"]

1. d4 e6 2. c4 f5 3. g3 Nf6 4. Bg2 c6 5. Nf3 d5 6. 0-0 Bd6 7. b3 Qe7 8. Ne5 b6 9. a4 a5 10. Ba3 0-0 11. Qc1 Bb7 12. Bxd6 Qxd6 13. Qa3 c5 14. Nc3 Na6 15. e3 Nb4 16. Rac1 Rac8 17. Rfd1 Ne4 18. Nb5 Qe7 19. cxd5 exd5 20. Qb2 Ba6 21. Bf1 Ng5 22. Nc3 Bxf1 23. Rxf1 Nf7 24. Nxf7 cxd4 25. exd4 Nd3 26. Qd2 Nxc1 27. Nh6+ gxh6 28. Rxc1 Qb4 29. Qe3 Rfe8 30. Qxh6 Qxd4 31. Qg5+ Qg7 32. Qd2 Qe5 33. Qg5+ Kh8 34. Nxd5 Rxc1+ 35. Qxc1 Qxd5 0-1

[Event "Abu Dhabi op 17th"]
[Site "Abu Dhabi"]
[Date "2007.08.19"]
[Round "8"]
[White "Khouri, Ahmed Abbas"]
[Black "Yahya, Mohamed Saleh"]
[Result "0-1"]
[WhiteElo "1957"]
[BlackElo "2142"]
[PlyCount "61"]
[EventDate "2007.08.12"]
[EventType "swiss"]
[EventRounds "9"]
[EventCountry "UAE"]
[SourceTitle "CBM 119 Extra"]
[Source "ChessBase"]
[SourceDate "2007.09.04"]
[SourceVersion "1"]
[SourceVersionDate "2007.09.04"]
[SourceQuality "1"]

1. e4 e5 2. Nf3 Nc6 3. Nc3 Nf6 4. Bb5 d6 5. d4 exd4 6. Nxd4 Bd7 7. Bg5 Be7 8. Nf5 Bxf5 9. exf5 0-0 10. 0-0 Ne5 11. Re1 c6 12. Bd3 Re8 13. h3 Qc7 14. Re3 b5 15. f4 Nxd3 16. Qxd3 d5 17. Bxf6 Bxf6 18. Rf3 Re7 19. Raf1 Rae8 20. g4 Qb6+ 21. Kg2 Bxc3 22. Qxc3 c5 23. Qd3 d4 24. c3 Re3 25. Qd1 d3 26. Rxe3 Rxe3 27. Re1 Qc6+ 28. Kf2 Rxh3 29. g5 c4 30. Re5 h6 31. Qf1 0-1

[Event "Abu Dhabi op 17th"]
[Site "Abu Dhabi"]
[Date "2007.08.17"]
[Round "6"]
[White "Adhiban, Baskaran"]
[Black "Yahya, Mohamed Saleh"]
[Result "1-0"]
[WhiteElo "2406"]
[BlackElo "2142"]
[PlyCount "65"]
[EventDate "2007.08.12"]
[EventType "swiss"]
[EventRounds "9"]
[EventCountry "UAE"]
[SourceTitle "CBM 119 Extra"]
[Source "ChessBase"]
[SourceDate "2007.09.04"]
[SourceVersion "1"]
[SourceVersionDate "2007.09.04"]
[SourceQuality "1"]

1. e4 e5 2. Nf3 Nc6 3. Bc4 Bc5 4. d3 Nf6 5. c3 a6 6. 0-0 Ba7 7. Nbd2 d6 8. Bb3 0-0 9. h3 Be6 10. Re1 Ne7 11. Bc2 Ng6 12. d4 exd4 13. Nxd4 Bd7 14. Nf1 Re8 15. c4 d5 16. cxd5 Nxd5 17. Ng3 Nf6 18. Be3 Ne5 19. f4 Nc6 20. Nf3 Bxe3+ 21. Rxe3 Be6 22. Rd3 Qe7 23. e5 Qc5+ 24. Kh2 Nd5 25. f5 Ne3 26. Rxe3 Qxe3 27. fxe6 Rxe6 28. Nf5 Qf2 29. Bb3 Rg6 30. N5h4 Rd8 31. Qf1 Qg3+ 32. Kh1 Rh6 33. Nf5 1-0

[Event "Abu Dhabi op 17th"]
[Site "Abu Dhabi"]
[Date "2007.08.16"]
[Round "5"]
[White "Yahya, Mohamed Saleh"]
[Black "Akshat, Khamparia"]
[Result "0-1"]
[WhiteElo "2142"]
[BlackElo "2339"]
[PlyCount "54"]
[EventDate "2007.08.12"]
[EventType "swiss"]
[EventRounds "9"]
[EventCountry "UAE"]
[SourceTitle "CBM 119 Extra"]
[Source "ChessBase"]
[SourceDate "2007.09.04"]
[SourceVersion "1"]
[SourceVersionDate "2007.09.04"]
[SourceQuality "1"]

1. d4 Nf6 2. c4 Nc6 3. Nc3 e5 4. d5 Ne7 5. e4 Ng6 6. Be3 Bb4 7. Bd3 Bxc3+ 8. bxc3 d6 9. f3 0-0 10. Ne2 Nd7 11. 0-0 Nc5 12. g4 b6 13. a4 a5 14. Ra2 Qh4 15. Qd2 h5 16. Bg5 Qh3 17. gxh5 Qxh5 18. Ng3 Qh3 19. Rf2 Nxd3 20. Qxd3 f6 21. Be3 Kf7 22. f4 exf4 23. Bxf4 Rh8 24. e5 dxe5 25. Be3 Qg4 26. d6 Bb7 27. Qf5 Qxg3+ 0-1

[Event "Arab-ch U20"]
[Site "Abu Dhabi"]
[Date "2007.08.05"]
[Round "5"]
[White "Yahya, Mohamed Saleh"]
[Black "Omar, Noaman"]
[Result "1-0"]
[WhiteElo "2142"]
[BlackElo "1997"]
[PlyCount "51"]
[EventDate "2007.08.01"]
[EventType "tourn"]
[EventRounds "9"]
[EventCountry "UAE"]
[SourceTitle "EXT 2010"]
[Source "ChessBase"]
[SourceDate "2010.11.25"]
[SourceVersion "1"]
[SourceVersionDate "2010.11.25"]
[SourceQuality "1"]

1. d4 d5 2. c4 e6 3. Nc3 Be7 4. Nf3 Nf6 5. Bg5 h6 6. Bh4 0-0 7. cxd5 Nxd5 8. Bxe7 Qxe7 9. e3 b6 10. Nxd5 exd5 11. Rc1 Be6 12. Bd3 c5 13. 0-0 c4 14. Bb1 Nd7 15. Ne5 Qf6 16. f4 Bf5 17. Qf3 Rad8 18. Qxd5 Nxe5 19. Qxe5 Bxb1 20. Qxf6 gxf6 21. Rxb1 f5 22. Rbc1 Rfe8 23. Kf2 Rc8 24. h3 h5 25. Rg1 b5 26. g4 1-0

[Event "Asia Cities-ch 15th"]
[Site "Tehran"]
[Date "2007.03.03"]
[Round "2.5"]
[White "Mohannad, Farhan"]
[Black "Yahya, Mohamed Saleh"]
[Result "1/2-1/2"]
[WhiteElo "2265"]
[BlackElo "2185"]
[PlyCount "74"]
[EventDate "2007.03.02"]
[EventType "team-swiss"]
[EventRounds "9"]
[EventCountry "IRI"]
[SourceTitle "EXT 2020"]
[Source "ChessBase"]
[SourceDate "2019.10.17"]
[SourceVersion "1"]
[SourceVersionDate "2019.10.17"]
[SourceQuality "1"]
[WhiteTeam "Amman"]
[BlackTeam "Dubai"]
[WhiteTeamCountry "JOR"]
[BlackTeamCountry "UAE"]

1. d4 Nf6 2. c4 g6 3. Nc3 d5 4. Nf3 Bg7 5. Qb3 dxc4 6. Qxc4 0-0 7. e4 c6 8. e5 Nd5 9. Qb3 Nxc3 10. bxc3 c5 11. Be2 Nc6 12. Be3 Na5 13. Qd1 cxd4 14. cxd4 Be6 15. 0-0 Bd5 16. Nd2 Rc8 17. Qa4 f6 18. exf6 exf6 19. Rac1 Nc6 20. Rc5 Kh8 21. Bf3 Ne7 22. Bxd5 Rxc5 23. dxc5 Nxd5 24. Nc4 Nxe3 25. Nxe3 Qb8 26. Rb1 f5 27. Qd7 b6 28. c6 Be5 29. Nd5 Rd8 30. Qf7 Qd6 31. c7 Rf8 32. Ne7 Rxf7 33. c8Q+ Kg7 34. Qg8+ Kf6 35. Nc8 Rg7 36. Qh8 Qd7 37. Re1 b5 1/2-1/2

[Event "Olympiad-37"]
[Site "Turin"]
[Date "2006.05.29"]
[Round "8"]
[White "Pitterson, Jomo"]
[Black "Yahya, Mohamed Saleh"]
[Result "1/2-1/2"]
[WhiteElo "2221"]
[BlackElo "2180"]
[PlyCount "87"]
[EventDate "2006.05.21"]
[EventType "team-swiss"]
[EventRounds "13"]
[EventCountry "ITA"]
[SourceTitle "CBM 113"]
[Source "ChessBase"]
[SourceDate "2006.07.31"]
[SourceVersion "1"]
[SourceVersionDate "2006.07.31"]
[SourceQuality "1"]
[WhiteTeam "Jamaica"]
[BlackTeam "United Arab Emirates"]
[WhiteTeamCountry "JAM"]
[BlackTeamCountry "UAE"]

1. d4 Nf6 2. c4 g6 3. Nc3 d5 4. Bf4 Bg7 5. e3 c5 6. dxc5 Qa5 7. Rc1 Ne4 8. cxd5 Nxc3 9. Qd2 0-0 10. bxc3 Qxc5 11. e4 Rd8 12. c4 Nc6 13. Nf3 Bg4 14. Be2 Bxf3 15. Bxf3 Nd4 16. Bg4 e5 17. Be3 h5 18. Bh3 b5 19. Qa5 Qb6 20. Qd2 bxc4 21. 0-0 Qa6 22. Rc3 Rab8 23. f4 Qa5 24. Rxc4 Qxd2 25. Bxd2 exf4 26. Ba5 Re8 27. d6 Rxe4 28. Kh1 Bf6 29. d7 Kg7 30. Rc8 Rb5 31. Re8 Rbe5 32. Rxe5 Rxe5 33. d8Q Bxd8 34. Bxd8 g5 35. Bxg5 Rxg5 36. Rxf4 Rc5 37. g3 Rc1+ 38. Kg2 Ne6 39. Bxe6 fxe6 40. Ra4 Rc2+ 41. Kh3 Rc7 42. Ra6 Kf6 43. Kh4 Kf5 44. Kh3 1/2-1/2

[Event "Abu Dhabi op 14th"]
[Site "Abu Dhabi"]
[Date "2004.08.17"]
[Round "4"]
[White "Pourkashiyan, Atousa"]
[Black "Yahya, Mohamed Saleh"]
[Result "1/2-1/2"]
[WhiteElo "2229"]
[BlackElo "2145"]
[PlyCount "124"]
[EventDate "2004.08.14"]
[EventType "swiss"]
[EventRounds "9"]
[EventCountry "UAE"]
[SourceTitle "CBM 103"]
[Source "ChessBase"]
[SourceDate "2004.11.11"]
[SourceVersion "1"]
[SourceVersionDate "2004.11.11"]
[SourceQuality "1"]

1. e4 e5 2. Nf3 Nc6 3. Bc4 Bc5 4. c3 Nf6 5. d4 exd4 6. e5 d5 7. Bb5 Ne4 8. cxd4 Bb6 9. Be3 0-0 10. Qc2 Ne7 11. Nc3 Nxc3 12. bxc3 Bf5 13. Bd3 Qd7 14. Bg5 Bxd3 15. Qxd3 Ng6 16. 0-0 h6 17. Be3 c6 18. Rae1 Bc7 19. Nd2 f5 20. f4 Rf7 21. Kh1 Nf8 22. Nf3 Ne6 23. Nh4 Raf8 24. g4 fxg4 25. f5 Nd8 26. e6 Nxe6 27. fxe6 Rxf1+ 28. Rxf1 Rxf1+ 29. Qxf1 Qxe6 30. Bg1 g3 31. Qf5 Qe7 32. Ng6 Qe2 33. hxg3 Bxg3 34. Ne5 Be1 35. Qf7+ Kh7 36. Qg6+ Kg8 37. Qg4 Qxg4 38. Nxg4 Bxc3 39. Kg2 b6 40. Kf3 h5 41. Ne5 c5 42. Nc6 Bxd4 43. Bh2 a6 44. Ne7+ Kf7 45. Nxd5 c4 46. Bc7 Ke6 47. Ke4 Bc5 48. Nf4+ Kd7 49. Be5 Bd6 50. Nxh5 Bxe5 51. Kxe5 c3 52. Nf4 g5 53. Ne2 c2 54. Ke4 g4 55. Kd3 g3 56. Kxc2 g2 57. Kd3 Kd6 58. Kd4 Kc6 59. Kc4 Kd6 60. Kd4 Kc6 61. Ng1 Kd6 62. Kc4 Kc6 1/2-1/2

[Event "Abu Dhabi op 14th"]
[Site "Abu Dhabi"]
[Date "2004.08.15"]
[Round "2"]
[White "Lauridsen, Jesper Morch"]
[Black "Yahya, Mohamed Saleh"]
[Result "1/2-1/2"]
[WhiteElo "2283"]
[BlackElo "2145"]
[PlyCount "87"]
[EventDate "2004.08.14"]
[EventType "swiss"]
[EventRounds "9"]
[EventCountry "UAE"]
[SourceTitle "CBM 103"]
[Source "ChessBase"]
[SourceDate "2004.11.11"]
[SourceVersion "1"]
[SourceVersionDate "2004.11.11"]
[SourceQuality "1"]

1. e4 e5 2. Nf3 Nc6 3. Bb5 a6 4. Ba4 Nf6 5. 0-0 Nxe4 6. d4 b5 7. Bb3 d5 8. dxe5 Be6 9. Qe2 Be7 10. Rd1 Na5 11. Nbd2 Nxd2 12. Bxd2 Nxb3 13. axb3 0-0 14. b4 c5 15. bxc5 Bxc5 16. b4 Be7 17. Nd4 Qd7 18. Ra3 Rfc8 19. Rg3 Bh4 20. Rd3 Rc4 21. c3 Be7 22. Re1 a5 23. bxa5 Rxa5 24. f4 Bc5 25. Be3 Bxd4 26. Bxd4 Rca4 27. Rg3 g6 28. h3 Ra8 29. Kh2 b4 30. cxb4 Rxb4 31. Qd2 Raa4 32. Rd3 Bf5 33. Bc3 Rb5 34. Rd4 Ra3 35. g4 Bxg4 36. hxg4 Qxg4 37. Rd3 d4 38. Rxd4 Qh4+ 39. Kg2 Qg4+ 40. Kf2 Qh4+ 41. Ke2 Qg4+ 42. Kf2 Qh4+ 43. Ke2 Qg4+ 44. Kf2 1/2-1/2

[Event "Dubai op 5th"]
[Site "Dubai"]
[Date "2003.04.29"]
[Round "9"]
[White "Yahya, Mohamed Saleh"]
[Black "Velikhanli, Firuza"]
[Result "0-1"]
[WhiteElo "2060"]
[BlackElo "2305"]
[PlyCount "56"]
[EventDate "2003.04.20"]
[EventType "swiss"]
[EventRounds "9"]
[EventCountry "UAE"]
[SourceTitle "CBM 093 Extra"]
[Source "ChessBase"]
[SourceDate "2003.05.09"]
[SourceVersion "1"]
[SourceVersionDate "2003.05.09"]
[SourceQuality "1"]

1. d4 d6 2. c4 Nd7 3. Nc3 e5 4. d5 f5 5. e4 Nc5 6. f3 fxe4 7. fxe4 Nf6 8. Qc2 a5 9. b3 Be7 10. Nf3 0-0 11. Be2 Nh5 12. 0-0 Nf4 13. Be3 b6 14. Ne1 Bg5 15. Bf2 Qe8 16. Nd3 Ncxd3 17. Bxd3 Qg6 18. Bg3 Qh6 19. Ne2 Bg4 20. Nxf4 exf4 21. Bf2 f3 22. g3 Bf6 23. Rac1 Be5 24. Rce1 Qh3 25. Be3 Bxg3 26. hxg3 Qxg3+ 27. Kh1 f2 28. Rxf2 Rxf2 0-1

[Event "Dubai op 5th"]
[Site "Dubai"]
[Date "2003.04.21"]
[Round "2"]
[White "Ulybin, Mikhail"]
[Black "Yahya, Mohamed Saleh"]
[Result "1-0"]
[WhiteElo "2562"]
[BlackElo "2060"]
[PlyCount "101"]
[EventDate "2003.04.20"]
[EventType "swiss"]
[EventRounds "9"]
[EventCountry "UAE"]
[SourceTitle "CBM 093 Extra"]
[Source "ChessBase"]
[SourceDate "2003.05.09"]
[SourceVersion "1"]
[SourceVersionDate "2003.05.09"]
[SourceQuality "1"]

1. e4 e5 2. Nf3 Nc6 3. Bb5 a6 4. Ba4 Nf6 5. 0-0 b5 6. Bb3 Nxe4 7. d4 d5 8. dxe5 Be6 9. Be3 Be7 10. c3 0-0 11. Nbd2 Qd7 12. Re1 Nc5 13. Bc2 Bf5 14. Bxf5 Qxf5 15. Bxc5 Bxc5 16. Nb3 Bb6 17. Qxd5 Ne7 18. Qe4 Qxe4 19. Rxe4 Rad8 20. Kf1 Rd7 21. Rae1 Ng6 22. h4 Rfd8 23. Nbd4 Nf8 24. Nc6 Re8 25. a4 Ne6 26. a5 Bc5 27. b4 Bf8 28. c4 bxc4 29. Rxc4 Rd5 30. Ng5 h6 31. Nxe6 Rxe6 32. f4 g6 33. Rec1 h5 34. g3 Rd3 35. R1c3 Rd2 36. Rc2 Rd3 37. Kf2 Kh8 38. R2c3 Rd2+ 39. Ke3 Rg2 40. Kf3 Rd2 41. Ke4 Re2+ 42. Re3 Rb2 43. Rd3 Kg8 44. Rd7 Re8 45. Rxc7 Rb3 46. Ra7 Rxg3 47. Rxa6 f5+ 48. Kd5 Rd3+ 49. Rd4 Rc3 50. Rb6 Rc2 51. a6 1-0

[Event "Dubai op 5th"]
[Site "Dubai"]
[Date "2003.04.20"]
[Round "1"]
[White "Yahya, Mohamed Saleh"]
[Black "Guseinov, Gadir"]
[Result "1-0"]
[WhiteElo "2060"]
[BlackElo "2505"]
[PlyCount "57"]
[EventDate "2003.04.20"]
[EventType "swiss"]
[EventRounds "9"]
[EventCountry "UAE"]
[SourceTitle "CBM 093 Extra"]
[Source "ChessBase"]
[SourceDate "2003.05.09"]
[SourceVersion "1"]
[SourceVersionDate "2003.05.09"]
[SourceQuality "1"]

1. d4 Nf6 2. c4 g6 3. Nc3 Bg7 4. e4 d6 5. f3 0-0 6. Be3 c5 7. d5 e6 8. Qd2 exd5 9. exd5 Re8 10. 0-0-0 a6 11. g4 b5 12. h4 Qa5 13. Kb1 Nbd7 14. h5 Ne5 15. hxg6 fxg6 16. Bg5 b4 17. Nce2 Nxc4 18. Qf4 b3 19. axb3 Nxb2 20. Bxf6 Nxd1 21. Bxg7 Qe1 22. Qh6 Nf2+ 23. Nc1 Nxh1 24. Bf6 Ra7 25. Bd3 Rf7 26. Bxg6 Rxf6 27. Qxh7+ Kf8 28. Qh8+ Ke7 29. Qxe8# 1-0